| 000 | 00000nam##2200000za#4500 |
| 001 | 9.627622 |
| 003 | CaOODSP |
| 005 | 20210615105251 |
| 007 | ta |
| 008 | 150406|2007||||xxc||||| f|0| 0 fre|d |
| 020 | |a978-0-662-07325-3 |
| 040 | |aCaOODSP|bfre |
| 043 | |an-cn--- |
| 086 | 1 |aFs22-4/71-2007F |
| 110 | 1 |aCanada. |bMinistère des pêches et des océans. |
| 245 | 13|aLe morse de l'Atlantique : |bune espèce en péril dans l'Arctique |
| 260 | |bPêches et Océans Canada |cc2007. |
| 300 | |a[2]p. : |bill., carte ; |c22 cm. |
| 490 | 1 |aLes espèces aquatiques en péril |
| 500 | |aLe n° de catalogue (Fs22-4/71-2007F-PDF) et l’ ISBN (978-0-662-07326-0) imprimés dans cette publication sont incorrects. |
| 563 | |aDépliant |
| 590 | |a09-42|b2009-10-16 |
| 691 | 07|aEspèce menacée|2gcpds |
| 775 | 08|tThe Atlantic Walrus : |w(CaOODSP)9.618506 |
| 776 | 0#|tLe morse de l'Atlantique : |w(CaOODSP)9.595192 |
| 830 | #0|aLes espèces aquatiques en péril.|w(CaOODSP)9.513578 |
| 986 | |aDFO/2007-1363 |